000 00808nam a2200253Ia 4500
003 OSt
005 20220918203355.0
006 a|||||r|||| 00| 0
007 ta
008 220917b |||||||| |||| 00| 0 eng d
024 _a107,839
037 _cTextual
040 _aARTS
_cARTS
_beng
041 _2eng
_aeng
082 _aV42:19058:N7, K9-;2
100 _aHellmann Donald C
_9108223
245 0 _aJapanese foriegn policy and domestic political
_b The peace agreeement with the Soviet Union
260 _aBerkeley
_bUnviersity of California Press
_c1969
300 _aviii, 202p.
_ccm.
490 _aPublications of the centre for Japanese and Korean studies
650 _aHISTORY
942 _hV42:19058:N7, K9-;2
_cTEXL
_2CC
999 _c231194
_d231194